00644nam a22001697a 4500003000900000008004100009040007100050082002000121245011400141260006000255300004400315440003000359650002400389650002000413700002100433700002000454AR-CdUCM190426b ||||| |||| 00| 0 spa d aMUNICIPALIDAD PROVINCIAL DEL CUSCOcBIBLIOTECA MUNICIPAL DEL CUSCO aPI/813/Y97bY97 aEl caballito jorobado /cCuento ruso de Yerchoff, transcripción al español Angelina Beloff y German Cueto aMéxico :bSecretaria de educación pública,c1943. a26 páginas. :bilustraciones,c35 cm. aBiblioteca de Chapulín. aLiteratura infantil aLiteratura Rusa aBeloff, Angelina aCueto, Germán